Sports Quiz

Random Sports or Soccer Quiz

UEFA Champions League Final Host Cities Quiz Stats

Quiz Updated Jul 9, 2015

Challenge
Share
Tweet
Embed
Score 0/62 Timer 05:00
17 Plays Today
Year City % Correct
1963London
98.4%
1968London
98.4%
1971London
98.4%
1978London
98.4%
1992London
98.4%
2013London
98.4%
1957Madrid
96.6%
1969Madrid
96.6%
1980Madrid
96.6%
2010Madrid
96.6%
2011London
94.9%
1956Paris
94.8%
1975Paris
94.8%
1981Paris
94.8%
2000Paris
94.8%
2006Paris
94.8%
1989Barcelona
94.7%
1999Barcelona
94.7%
1979Munich
92.3%
1993Munich
92.3%
1997Munich
92.3%
1977Rome
92.1%
1984Rome
92.1%
1996Rome
92.1%
2009Rome
92.1%
2012Munich
89.2%
2016Milan
88.4%
2008Moscow
88.3%
2015Berlin
88%
2003Manchester
87.9%
1965Milan
87.8%
Year City % Correct
1970Milan
87.8%
2001Milan
87.8%
2014Lisbon
85.6%
1967Lisbon
84.1%
1962Amsterdam
80.3%
1998Amsterdam
80.3%
2017Cardiff
78.3%
2005Istanbul
75.5%
1983Athens
75.3%
1994Athens
75.3%
2007Athens
75.3%
1960Glasgow
71.5%
1976Glasgow
71.5%
2002Glasgow
71.5%
1958Brussels
65.5%
1966Brussels
65.5%
1974Brussels
65.5%
1985Brussels
65.5%
1964Vienna
60.2%
1987Vienna
60.2%
1990Vienna
60.2%
1995Vienna
60.2%
1961Bern
46.4%
1972Rotterdam
37.8%
1982Rotterdam
37.8%
1986Seville
36.5%
1973Belgrade
36.5%
2004Gelsenkirchen
29.1%
1959Stuttgart
24.8%
1988Stuttgart
24.8%
1991Bari
15%

You're not logged in!

Compare scores with friends on all Sporcle quizzes.
Sign Up with Email
OR
Log In

You Might Also Like...

Show Comments

Extras

Top Quizzes Today


Score Distribution

Your Account Isn't Verified!

In order to create a playlist on Sporcle, you need to verify the email address you used during registration. Go to your Sporcle Settings to finish the process.